Länder, die mit g oder h beginnen - Statistiken

Allgemein
  • Dieses Quiz wurde 1.550 mal gespielt
    1.520 seit der letzten Aktualisierung
  • Das Durchschnittsergebnis liegt bei 10 aus 13
Antwortstatistiken
Anfangsbuchstaben Land % Korrekt
H Honduras
91%
H Haiti
88%
G Griechenland
87%
G Ghana
82%
G Georgien
79%
G Guinea
78%
G Gambia
77%
G Guatemala
76%
G Gabun
70%
G Guinea-Bissau
69%
G Guyana
68%
G Grenada
64%
G Großbritannien
27%
Keine übereinstimmenden Quizze gefunden
Verteilung der Resultate
Anzahl Personen mit jedem Resultat
Perzentil nach korrekt beantworteten Fragen
Ihre Resultats-Entwicklung
Sie haben dieses Quiz seit der letzten Aktualisierung nicht gespielt